Odpady a environmentálna politika

Základné poznatky o odpadoch. Štátna environmentálna politika. Stratégia zásad a priorít štátnej environmentálnej politiky. Právna úprava odpadového hospodárstva v SR. Základné pojmy používané v oblasti odpadového hospodárstva. Separovaný zber druhotných surovín.

Enregistré dans:
Détails bibliographiques
Auteur principal: Dendiš, Ľubomír
Format: Chapitre de livre
Langue:slovaque
Sujets:
Tags: Ajouter un tag
Pas de tags, Soyez le premier à ajouter un tag!

MARC

LEADER 00000nla$a2200000$$$4500
001 0146163
005 20240502072633.5
041 0 |a slo 
044 |a SK 
245 1 0 |a Odpady a environmentálna politika  |c Ľubomír Dendiš 
520 |a Základné poznatky o odpadoch. Štátna environmentálna politika. Stratégia zásad a priorít štátnej environmentálnej politiky. Právna úprava odpadového hospodárstva v SR. Základné pojmy používané v oblasti odpadového hospodárstva. Separovaný zber druhotných surovín. 
610 2 0 |a politika environmentálna 
610 2 0 |a Slovensko 
610 2 0 |a pojmy 
610 2 0 |a úpravy právne 
610 2 0 |a zber separovaný 
610 2 0 |a hospodárstvo odpadové 
100 1 |a Dendiš, Ľubomír